书目信息 |
| 题名: |
古道酣歌
|
|
| 作者: | 冷成金 著 | |
| 分册: | ||
| 出版信息: | 深圳 海天出版社 1998.12 |
|
| 页数: | 216页 | |
| 开本: | 21cm | |
| 丛书名: | 人海诗韵·艺术文化散文丛书 | |
| 单 册: | ||
| 中图分类: | I267 | |
| 科图分类: | ||
| 主题词: | 散文--选集--中国--现代 , 散文 | |
| 电子资源: | ||
| ISBN: | 7-80615-929-0 | |
| 000 | 00882nam 2200253 450 | |
| 001 | 012007698968 | |
| 005 | 20080825143528.46 | |
| 010 | @a7-80615-929-0@dCNY10.00 | |
| 100 | @a20071111d1998 km y0chiy0120 ea | |
| 101 | 0 | @achi |
| 102 | @aCN@b440000 | |
| 105 | @ay z 000yy | |
| 200 | 1 | @a古道酣歌@Agu dao han ge@f冷成金著@Fleng cheng jin zhu |
| 210 | @a深圳@c海天出版社@d1998.12 | |
| 215 | @a216页@d21cm | |
| 225 | 2 | @a人海诗韵·艺术文化散文丛书@Aren hai shi yun·yi shu wen hua san wen cong shu@f金元浦主编 |
| 330 | @a本书包括:古道酣歌、墨海游侠、史林漫旅、归去来兮四个部分。没给部分又又多篇不同风格的散文。 | |
| 410 | 0 | @12001 @a人海诗韵·艺术文化散文丛书@1701 0@a金元浦@Ajin yuan pu@4主编 |
| 606 | 0 | @a散文@j选集@y中国@z现代 |
| 606 | 0 | @a散文 |
| 690 | @aI267@v4 | |
| 701 | 0 | @a冷成金@Aleng cheng jin@4著 |
| 801 | 0 | @aCN@bRULIN@c20080825 |
| 905 | @aZUCC@dI267@eL098 | |
| 古道酣歌/冷成金著.-深圳:海天出版社,1998.12 |
| 216页;21cm.-(人海诗韵·艺术文化散文丛书/金元浦主编) |
| ISBN 7-80615-929-0:CNY10.00 |
| 本书包括:古道酣歌、墨海游侠、史林漫旅、归去来兮四个部分。没给部分又又多篇不同风格的散文。 |
| ● |
| 相关链接 |
|
|
|
正题名:古道酣歌
索取号:I267/L098
 
预约/预借
| 序号 | 登录号 | 条形码 | 馆藏地/架位号 | 状态 | 备注 |
| 1 | 717071 | 207170719 | 社科二线400B/400B社科库 25排4列2层/ [索取号:I267/L098] | 在馆 | |
| 2 | 717072 | 207170728 | 社科二线400B/400B社科库 25排4列2层/ [索取号:I267/L098] | 在馆 |